Comuni della Provincia di Ferrara (con mappa) - Statistics

Statistiche generali
  • Questo quiz è stato fatto 58 volte
  • Il punteggio medio è 12 su 21
Risposte nella Mappa
Le risposte nella mappa del quiz sottostante sono codificate secondo una scala di colori dal rosso al verde in base alla % di persone che hanno risposto correttamente.
 
Statistiche sulle risposte
Risposta % Corretto
Ferrara
100%
Comacchio
90%
Argenta
86%
Goro
76%
Cento
72%
Codigoro
72%
Bondeno
69%
Copparo
69%
Portomaggiore
62%
Ostellato
59%
Mesola
55%
Jolanda di Savoia
48%
Masi Torello
48%
Poggio Renatico
41%
Riva del Po
41%
Tresignana
41%
Fiscaglia
38%
Lagosanto
38%
Terre del Reno
38%
Vigarano Mainarda
38%
Voghiera
38%
Nessun quiz corrispondente trovato
Distribuzione punteggi
Percentuale di utenti per punteggio
Percentile per numero di risposta
I tuoi punteggi nel tempo
Non hai fatto questo quiz